000
00293nam a22001337a 4500
008
170406b xxu||||| |||| 00| 0 eng d
020
_a
0412046911
041
_a
eng
080
_a
611.018
100
_a
9
101
_a
SHM
245
_a
A TEX BOOK HISTOLOGY
_c
FAWCETT.D.W
942
_2
udc
_c
BK
999
_c
10042
_d
10042